Flagi reprezentacji uczestniczących w Igrzyskach w Pekinie - Statystyki

Ogólne statystyki
  • Ten quiz został rozwiązany 67 razy
  • Średni wynik to 70 z 91
Statystyki odpowiedzi
Obrazkowy Odpowiedź % Poprawnych
Czechy
98%
Grecja
98%
Azerbejdżan
95%
Stany Zjednoczone
95%
Albania
92%
Argentyna
92%
Austria
92%
Chile
92%
Białoruś
90%
Chiny
90%
Finlandia
90%
Bośnia i Hercegowina
89%
Ekwador
89%
Serbia
89%
Chorwacja
87%
Kazachstan
87%
Węgry
87%
Australia
85%
Francja
85%
Japonia
85%
Liechtenstein
85%
Malta
85%
Mołdawia
85%
Wielka Brytania
85%
Dania
84%
Kolumbia
84%
Korea Południowa
84%
Litwa
84%
Portugalia
84%
Szwecja
84%
Bułgaria
82%
Estonia
82%
Filipiny
82%
Irlandia
82%
Islandia
82%
Kosowo
82%
Norwegia
82%
Nowa Zelandia
82%
San Marino
82%
Słowacja
82%
Belgia
81%
Brazylia
81%
Cypr
81%
Hiszpania
81%
Iran
81%
Izrael
81%
Szwajcaria
81%
Włochy
81%
Arabia Saudyjska
79%
Gruzja
79%
Indie
79%
Jamajka
79%
Łotwa
79%
Macedonia Północna
79%
Monako
79%
Niemcy
79%
Rumunia
79%
Słowenia
79%
Turcja
79%
Ghana
77%
Holandia
77%
Kanada
77%
Luksemburg
77%
Maroko
77%
Nigeria
77%
Peru
77%
Andora
76%
Czarnogóra
76%
Meksyk
76%
Pakistan
76%
Polska
76%
Ukraina
76%
Tajlandia
74%
Armenia
73%
Uzbekistan
71%
Malezja
66%
Haiti
65%
Liban
65%
Boliwia
63%
Trynidad i Tobago
63%
Madagaskar
61%
Kirgistan
60%
Rosyjski Komitet Olimpijski
60%
Mongolia
58%
Portoryko
56%
Erytrea
45%
Hongkong
42%
Timor Wschodni
40%
Chińskie Tajpej
39%
Samoa Amerykańskie
24%
Wyspy Dziewicze Stanów Zjednoczonych
24%
Nie znaleziono quizów pasujących do podanych kryteriów
Rozkład punktacji
Procent ludzi z każdym wynikiem
Percentyl według liczby udzielonych odpowiedzi
Twoja historia wyników
Nie rozwiązałeś tego quizu